5HLuxD.jpg

KING HENRY VIII SENIOR AND PRIMARY SCHOOL LIBRARY OPAC

The God delusion / (Record no. 218)

000 -LEADER
fixed length control field 03492cam a2200361 a 4500
001 - CONTROL NUMBER
control field 4198934
003 - CONTROL NUMBER IDENTIFIER
control field OSt
005 - DATE AND TIME OF LATEST TRANSACTION
control field 20190801142406.0
008 - FIXED-LENGTH DATA ELEMENTS--GENERAL INFORMATION
fixed length control field 060508s2006 mau grb 001 0deng d
010 ## - LIBRARY OF CONGRESS CONTROL NUMBER
LC control number 2006015506
020 ## - INTERNATIONAL STANDARD BOOK NUMBER
International Standard Book Number 9780618680009
020 ## - INTERNATIONAL STANDARD BOOK NUMBER
International Standard Book Number 0618680004 (hbk.)
035 ## - SYSTEM CONTROL NUMBER
System control number 4198934
040 ## - CATALOGING SOURCE
Original cataloging agency DLC
Transcribing agency DLC
Modifying agency DLC
042 ## - AUTHENTICATION CODE
Authentication code pcc
082 00 - DEWEY DECIMAL CLASSIFICATION NUMBER
Classification number 211 DAW
Edition number 22
100 1# - MAIN ENTRY--PERSONAL NAME
Personal name Dawkins, Richard,
Dates associated with a name 1941-
Relator term author
245 14 - TITLE STATEMENT
Title The God delusion /
Statement of responsibility, etc. Richard Dawkins.
260 ## - PUBLICATION, DISTRIBUTION, ETC.
Place of publication, distribution, etc. Boston :
Name of publisher, distributor, etc. Houghton Mifflin Co.,
Date of publication, distribution, etc. 2006.
300 ## - PHYSICAL DESCRIPTION
Extent x, 406 p. ;
Dimensions 24 cm.
504 ## - BIBLIOGRAPHY, ETC. NOTE
Bibliography, etc. note Includes bibliographical references (p. [380]-387) and index.
505 0# - FORMATTED CONTENTS NOTE
Formatted contents note A deeply religious nonbeliever -- "Respect" -- The God hypothesis -- Polytheism -- Monotheism -- Secularism, the founding fathers and the religion of America -- The poverty of agnosticism -- Noma -- The great prayer experiment -- The Neville Chamberlain school of evolutionists -- Little green men -- Arguments for God's existence -- Thomas Aquinas's "proofs" -- The ontological argument and other a priori arguments -- The argument from beauty -- The argument from personal "experience" -- The argument from Scripture -- The argument from admired role models -- Pascal's Wager -- Bayesian arguments -- Why there almost certainly is no God -- The ultimate Boeing 747 -- Natural selection as a consciousness-raiser -- Irreducible complexity -- The worship of gaps -- The anthropic principle : planetary version -- The anthropic principle : cosmological version -- An interlude at Cambridge -- The roots of religion -- The Darwinian imperative -- Direct advantages of religion -- Group selection -- Religion as a byproduct of something else -- Psychologically primed for religion -- Tread softly, because you tread on my memes -- Cargo cults -- The roots of morality : why are we good? -- Does our moral sense have a Darwinian origin? -- A case study in the roots of morality -- If there is no God, why be good? -- The "good" book and the changing moral Zeitgeist -- The Old Testament -- Is the New Testament any better? -- Love thy neighbour -- The moral Zeitgeist -- What about Hitler and Stalin? : weren't they atheists? -- What's wrong with religion? : why be so hostile? -- Fundamentalism and the subversion of science -- The dark side of absolutism -- Faith and homosexuality -- Faith and the sanctity of human life -- The great beethoven fallacy -- How "moderation" in faith fosters fanaticism -- Religion and childhood -- Physical and mental abuse -- In defence of children -- An educational scandal -- Consciousness-raising again -- Religious education as a part of literary culture -- A much needed gap? -- Binker -- Consolation -- Inspiration -- The mother of all Burkas.
520 1# - SUMMARY, ETC.
Summary, etc. "A preeminent scientist - and the world's most prominent atheist - asserts the irrationality of belief in God and the grievous harm religion has inflicted on society, from the Crusades to 9/11."--BOOK JACKET.
650 #0 - SUBJECT ADDED ENTRY--TOPICAL TERM
Topical term or geographic name entry element Irreligion.
650 #0 - SUBJECT ADDED ENTRY--TOPICAL TERM
Topical term or geographic name entry element Atheism.
650 #0 - SUBJECT ADDED ENTRY--TOPICAL TERM
Topical term or geographic name entry element God.
650 #0 - SUBJECT ADDED ENTRY--TOPICAL TERM
Topical term or geographic name entry element Religion.
856 42 - ELECTRONIC LOCATION AND ACCESS
Materials specified Publisher description
Uniform Resource Identifier <a href="http://www.loc.gov/catdir/enhancements/fy0643/2006015506-d.html">http://www.loc.gov/catdir/enhancements/fy0643/2006015506-d.html</a>
856 41 - ELECTRONIC LOCATION AND ACCESS
Materials specified Table of contents only
Uniform Resource Identifier <a href="http://www.loc.gov/catdir/toc/ecip0613/2006015506.html">http://www.loc.gov/catdir/toc/ecip0613/2006015506.html</a>
856 41 - ELECTRONIC LOCATION AND ACCESS
Materials specified Sample text
Uniform Resource Identifier <a href="http://www.loc.gov/catdir/enhancements/fy0666/2006015506-s.html">http://www.loc.gov/catdir/enhancements/fy0666/2006015506-s.html</a>
856 42 - ELECTRONIC LOCATION AND ACCESS
Materials specified Contributor biographical information
Uniform Resource Identifier <a href="http://www.loc.gov/catdir/enhancements/fy0737/2006015506-b.html">http://www.loc.gov/catdir/enhancements/fy0737/2006015506-b.html</a>
942 ## - ADDED ENTRY ELEMENTS (KOHA)
Source of classification or shelving scheme
Koha item type Books - Non Ficton
Holdings
Withdrawn status Lost status Source of classification or shelving scheme Damaged status Not for loan Collection code Permanent Location Current Location Shelving location Date acquired Total Checkouts Total Renewals Full call number Barcode Date due Date last seen Date last checked out Copy number Price effective from Koha item type
          Non-Fiction KH8 Senior School Library KH8 Senior School Library Non Fiction 2019-08-01 3 1 211 DAW 3KHSL000101057 2020-10-20 2020-10-13 2020-10-13 1 2019-08-01 Books - Non Ficton
          Non-Fiction KH8 Senior School Library KH8 Senior School Library Non Fiction 2019-10-14 1   211 DAW 3KHSL000101388   2025-07-02 2025-05-15 2 2019-10-14 Books - Non Ficton

Powered By KH8 IT Dept